000 01050nam0a2200325 i 4500
001 RU\NLR\bibl\2049504
005 20240723104718.0
010 _a9785227044501
_93000
021 _aRU
_b2013-43955
_93044
035 _a(nilc)RuMoRGB-006587609
035 _a(NLR Aleph) 002036576
090 _a4575767
_c4575767
100 _a20090726d2013 u y0rusy50 ca
101 1 _arus
_ceng
102 _aRU
105 _ay |||||||||
200 1 _aКоролева туфель
_eроман
_e[для детей старше 16 лет]
_fАнна Дэвис
_g[пер. с англ. А. Е. Прохоровой]
210 _aМосква
_cЦентрполиграф
_d2013
215 _a444, [1] с.
_d18
225 1 _aFiction
333 _a16+
686 _aШ6(4Вл)67-440.4{Лх1299-50}
700 1 _aДэвис
_bА.
_gАнна
_4070
801 0 _aRU
_bРГБ
_c20090726
_gRCR
801 2 _aRU
_bРГБ
_c20130606
_grcr
801 1 _aRU
_bРГБ
_c20090726
_2rusmarc
801 2 _aRU
_bNLR
_c20130702
_grcr
942 _cBOOK
980 _aNBR